| 000 | 00626nam a2200205 ar4500 | ||
|---|---|---|---|
| 001 | 1083 | ||
| 005 | 20221127090132.0 | ||
| 008 | 081213s xxua 00110|eng d | ||
| 020 |
_a0071479430(hpb) : _cSR196.00 |
||
| 082 | 0 | 4 |
_a658.4013 _bG959 2007 _222 |
| 100 | 1 | _aGupta, Praveen. | |
| 245 | 1 | 0 |
_aSix Sigma business scorecard / _cPraveen Gupta. |
| 250 | _a2nd ed. | ||
| 260 |
_aNew York : _bMcGraw-Hill, _c2007. |
||
| 300 |
_axviii, 310 p. : _bill. ; _c23 cm. |
||
| 500 | _aIncludes index. | ||
| 650 | 4 |
_aQuality control _xStatistical methods. |
|
| 650 | 4 | _aSix sigma(Quality control standard). | |
| 650 | 4 | _aProduction control. | |
| 999 |
_c1082 _d1082 |
||